|
|
|
|
| LEADER |
00000nab a2200000 a 4500 |
| 001 |
vtls000061057 |
| 003 |
SK-MaSNL |
| 005 |
20260304065502.0 |
| 008 |
250422c1980 xo 0 slo |
| 015 |
|
|
|a SNBRB19rr/mm-uuuuu
|
| 035 |
|
|
|a CL0071157
|
| 035 |
|
|
|a urn:nbn:sk:snk-ab1p8
|
| 035 |
|
|
|a (urnnbn)urn:nbn:sk:snk:ar-a03bb2
|
| 035 |
|
|
|a (uuid)7beb4be3-02f1-4094-a227-37797bf26472
|
| 040 |
|
|
|a SNKBUCL
|b slo
|c SNKBUCL
|e AACR2
|
| 041 |
0 |
|
|a slo
|
| 044 |
|
|
|a xo
|c SK
|
| 080 |
|
|
|a 616.8
|2 1981
|
| 080 |
|
|
|a 547
|2 1981
|
| 080 |
|
|
|a 577
|2 1981
|
| 080 |
|
|
|a 619
|2 1981
|
| 100 |
1 |
|
|a Pecháň, Ivan,
|d 1932-2010
|4 aut
|9 25742
|
| 245 |
1 |
0 |
|a Inhibičný vplyv niektorých azapyrimidínov na aktivitu adenozíndeaminázy mozgovej kôry morčaťa
|c Ivan Pecháň, Magda Černá, Ján Križko
|
| 300 |
|
|
|b Obr. 3. Res. nem., rus., angl.
|
| 650 |
0 |
7 |
|a mozgová kôra
|2 snkbucl
|9 113369
|
| 650 |
0 |
7 |
|a adenozíndeamináza
|2 snkbucl
|9 989792
|
| 650 |
0 |
7 |
|a azapyrimidíny
|2 snkbucl
|9 1354575
|
| 655 |
|
7 |
|a články z novín a časopisov
|2 snkbucl
|9 267496
|
| 700 |
1 |
|
|a Černá, Magda
|4 aut
|9 448018
|
| 700 |
1 |
|
|a Križko, Ján,
|d 1919-1998
|4 aut
|9 99640
|
| 773 |
0 |
|
|t Bratislavské lekárske listy
|g Roč. 73, č. 6 (1980), s. 704-709
|
| 850 |
|
|
|a Slovenská národná knižnica
|
| 852 |
|
|
|a Slovenská národná knižnica
|
| 954 |
|
|
|a odborná, vedecká literatúra pôvodná (slovenská)
|2 lita
|
| 958 |
|
|
|a article27
|
| 958 |
|
|
|a RK
|
| 958 |
|
|
|a OND
|
| 958 |
|
|
|a EUIPO
|
| 992 |
|
|
|a RBX
|
| 999 |
|
|
|c 2751021
|d 2752951
|